| 000 | 00880 a2200229 4500 | ||
|---|---|---|---|
| 003 | Nust | ||
| 005 | 20221202124117.0 | ||
| 010 | _a 76041175 | ||
| 020 | _a0070637512 : | ||
| 040 | _cNust | ||
| 082 | 0 | 0 | _a621.38153,MOS |
| 245 | 0 | 0 |
_aMOS and special-purpose bipolar integrated circuits and R-F power transistor circuit design / _cedited by Bryan Norris. |
| 260 |
_aNew York : _bMcGraw Hill, _cc1976. |
||
| 300 |
_a228 p. : _bill. ; _c26 cm. |
||
| 490 | 0 | _aTexas Instruments electronics series | |
| 505 | _aMOS Integrated Circuits (Page-1), Special Purpose Dipolar Integrated Circuits (Page-72), Field Effect Transistors (Page-133), Radio Frequency Power Applications (Page-191). | ||
| 650 | 0 |
_aField-effect transistors. _996955 |
|
| 650 | 0 |
_aMetal oxide semiconductors. _9103791 |
|
| 650 | 0 | _aTelecommunication Engineering | |
| 700 | 1 | _aNorris, Bryan. | |
| 942 |
_2ddc _cBK |
||
| 999 |
_c182379 _d182379 |
||